Crédito variable : (Record no. 96174)

MARC details
000 -CABECERA
campo de control de longitud fija 00837nam a2200229 a 4500
005 - FECHA Y HORA DE LA ÚLTIMA TRANSACCIÓN
campo de control 20250115063755.0
008 - ELEMENTOS DE LONGITUD FIJA--INFORMACIÓN GENERAL
campo de control de longitud fija 030509s1999 mx r 000 0 spa d
020 ## - NÚMERO INTERNACIONAL NORMALIZADO PARA LIBROS
Número Internacional Estándar del Libro 8474264022
035 ## - NÚMERO DE CONTROL DEL SISTEMA
Número de control de sistema UPN01000123995
049 ## - COLECCIÓN
Colección LT
050 #4 - SIGNATURA TOPOGRÁFICA DE LA BIBLIOTECA DEL CONGRESO
Número de clasificación LB1584 E5
Número de documento/Ítem T6.2
100 1# - ASIENTO PRINCIPAL--NOMBRE PERSONAL
Nombre de persona Torti Coma, Josep
245 10 - MENCIÓN DE TÍTULO
Título Crédito variable :
Resto del título "construimos imágenes" /
Mención de responsabilidad, etc. Josep Torti Coma, Mercedes Centrich Escarpentier ; tr. Rosa Ma. Bruguera i Rifa.
260 ## - PUBLICACIÓN, DISTRIBUCIÓN, ETC.
Lugar de publicación, distribución, etc. Barcelona, Esp. :
Nombre del editor, distribuidor, etc. Icaria,
Fecha de publicación, distribución, etc. 1999.
300 ## - DESCRIPCIÓN FÍSICA
Extensión 2 v.
505 8# - NOTA DE CONTENIDO CON FORMATO PREESTABLECIDO
Nota de contenido con formato Contenido:
Información miscelánea v.1.
Título Material para el alumnado --
Información miscelánea v.2.
Título Material para el profesorado
650 #4 - ASIENTO SECUNDARIO DE MATERIA - TERMINO TEMATICO
Término de materia o nombre geográfico como elemento de entrada CIENCIAS SOCIALES -
Subdivisión general ESTUDIO Y ENSEÑANZA (ELEMENTAL) -
Subdivisión geográfica ESPAÑA
9 (RLIN) 17881
650 #7 - ASIENTO SECUNDARIO DE MATERIA - TERMINO TEMATICO
Término de materia o nombre geográfico como elemento de entrada Semiótica
Fuente del encabezamiento o término
9 (RLIN) 6046
650 #2 - ASIENTO SECUNDARIO DE MATERIA - TERMINO TEMATICO
Término de materia o nombre geográfico como elemento de entrada Percepción visual
9 (RLIN) 631
700 1# - ASIENTO SECUNDARIO--NOMBRE DE PERSONAL
Nombre de persona Centrich Escarpentier, Mercedes,
Término indicativo de función/relación coaut.
905 ## - TIPO DE MATERIAL
Tipo de material Libro
Holdings
Estado de retiro Estado de pérdida Fuente del sistema de clasificación o colocación Estado dañado No para préstamo Código de colección Localización permanente Ubicación/localización actual Ubicación en estantería Fecha de adquisición Enumeración/cronología de publicación seriada Clasificación Código de barras Fecha visto por última vez Número de copia Tipo de ítem Koha
    Library of Congress Classification   Disponible (Préstamo en sala) Libros de texto Bib. Gregorio Torres Quintero Bib. Gregorio Torres Quintero Colecciones especiales Planta alta 31/05/2022 - LB1584 E5 T6.2 207383 31/12/2020 ej. 3 Libro
    Library of Congress Classification   Disponible (Préstamo en sala) Libros de texto Bib. Gregorio Torres Quintero Bib. Gregorio Torres Quintero Colecciones especiales Planta alta 31/05/2022 - LB1584 E5 T6.2 207382 31/12/2020   Libro
    Library of Congress Classification   Disponible (Préstamo en sala) Libros de texto Bib. Gregorio Torres Quintero Bib. Gregorio Torres Quintero Colecciones especiales Planta alta 31/05/2022 - LB1584 E5 T6.2 207381 31/12/2020 ej. 2 Libro